000 nam a22 4500
999 _c28891
_d28891
008 170421b xxu||||| |||| 00| 0 eng d
020 _a0915473887
020 _a9780915473885
050 _aRG 1 .P76 2003
100 _aAmerican College of Obstetricians and Gynecologists.
245 _aProlog obstetrics /
_cAmerican College of Obstetricians and Gynecologists.
250 _a5th ed.
260 _aWashington, D.C. :
_bAmerican College of Obstetricians and Gynecologists,
_c2003.
300 _a2 vo. ;
_c28 cm
500 _aInclude index
650 _aPregnancy.
650 _aPregnancy Complications.
650 _aPrenatal Care.
942 _2lcc
_cBOOKS
_hRG 1 .P76 2003